| 000 | 02534nam0a2200493 4500 | ||
|---|---|---|---|
| 001 | RU\NLR\BIBL_A\022124150 | ||
| 005 | 20240306103424.0 | ||
| 010 |
_a978-5-91378-249-6 _9100 |
||
| 021 |
_aRU _bКН-П-23-077884 _9КН-П-23-7872 |
||
| 035 | _a(NLR Aleph) 022124150 | ||
| 035 | _a(RuMoRGB)012431057 | ||
| 090 |
_a12816190 _c12816190 |
||
| 100 | _a20240202d2023 u y0rusy50 ca | ||
| 101 | 0 | _arus | |
| 102 | _aRU | ||
| 105 | _ay z 000yy | ||
| 181 | 0 |
_ai _baxxe |
|
| 182 | 0 | _an | |
| 200 | 1 |
_aМаргиналии в старопечатном издании Лествицы Иоанна Синайского (М., 1647) _fТатьяна Попова |
|
| 203 |
_aТекст _bвизуальный _cнепосредственный |
||
| 210 |
_aСеверодвинск _cСеверодвинская типография _d2023 |
||
| 215 |
_a143 с. _d21 |
||
| 300 | _aНа обороте тит. с. в аннот.: автор маргиналий - Сергий Шелонин | ||
| 320 | _aБиблиогр.: с. 139-140 | ||
| 333 | _a12+ | ||
| 500 | 1 | 0 |
_6z20702 _aЛествица _92631291 _3RU\NLR\AUTH\559272 |
| 600 | 0 |
_aСергий _cШелонин _cинок _f- 1665 _92605498 _3RU\NLR\AUTH\661542056 |
|
| 604 |
_1700#0$aИоанн Лествичник$cигумен Синайского монастыря$fок.525 - ок.606 _1500##$a"Лествица"$2nlr_sh2$3RU\NLR\AUTH\661556302 _aИоанн Лествичник (игумен Синайского монастыря ; ок.525 - ок.606) _t"Лествица" _92619742 _3RU\NLR\AUTH\661556302 |
||
| 606 | 1 |
_aСтаропечатные книги _yРоссия _z17 в. _92581386 _3RU\NLR\AUTH\6601736564 |
|
| 606 | 1 |
_aПометы на книгах _91513050 _3RU\NLR\AUTH\66656996 |
|
| 686 | 1 | _aЧ611.63(2) | |
| 686 | 1 | _aЧ611.687 | |
| 686 | 1 | _aШ5(2=Р)3-4Сергий Шелонин | |
| 686 | 1 | _aШ5(2=Р)3-331.729 | |
| 686 | 1 | _aШ5(0)421-4Иоанн Лествичник | |
| 686 | 2 | _aЭ372.24-43 | |
| 700 | 1 |
_7ca _8rus _aПопова _bТ. Г. _cд-р филол. наук _gТатьяна Георгиевна _973814 _3RU\NLR\AUTH\7790887 |
|
| 702 | 0 |
_6z20500 _7ca _8rus _aИоанн Лествичник _cигумен Синайского монастыря _fок.525-ок.606 _9112619 _3RU\NLR\AUTH\772609 |
|
| 702 | 0 |
_7ca _8rus _aСергий _cШелонин _cинок _f-1665 _9122558 _3RU\NLR\AUTH\7712848 |
|
| 942 | _cBOOK | ||
| 980 | _aNB | ||